000 00362nam a2200157Ia 4500
100 _aLin/Yi-Bang/ Chlamtac/I
650 _aWireless and network
942 _cBK
366 _f25
654 _awireless
245 _aWireless and mobile network architecture
260 _bWiley India
_c2001
082 _a5.74
_bLIN
300 _a532
546 _aENGLISH
_cTTL
999 _c20735
_d20735